| 000 | 00549nam a22001937a 4500 | ||
|---|---|---|---|
| 999 |
_c527018 _d527018 |
||
| 003 | NUST | ||
| 005 | 20190718075709.0 | ||
| 008 | 190718b ||||| |||| 00| 0 eng d | ||
| 038 | _aFaiza | ||
| 082 |
_a891.493 _bZAF |
||
| 100 |
_aZafarullah, Muhammad _918079 |
||
| 245 |
_aSaraiki Wasaib / _c Muhammad Zafarullah |
||
| 260 |
_aMultan : _bThe Saraiki Area Study Center , _c2010. |
||
| 300 | _a288 p .; | ||
| 500 | _aHard Cover | ||
| 880 |
_6100-01\r _aمحمد ظفراللہ |
||
| 880 |
_6245-02\r _aسرائیکی وسیب / |
||
| 942 |
_2ddc _cBK |
||